| 000 | 00475nam a22001217a 4500 | ||
|---|---|---|---|
| 999 |
_c9860 _d9860 |
||
| 003 | OSt | ||
| 008 | 201203b ||||| |||| 00| 0 eng d | ||
| 245 | _aThe ICFAI University journal of business strategy : IJBS | ||
| 250 | _a2013(Mar Vol.10 No.1, Jun Vol.10 No.2, Sep Vol.10 No.3, Dec Vol.10 No.4) 2014(Mar Vol.11 No.1, Jun Vol.11 No.2, Sep Vol.11 No.3, Dec Vol.11 No.4) | ||
| 260 |
_bICFAI University Press _aHyderabad, Andhra Pradesh |
||
| 650 | _aManagement | ||
| 942 |
_2ddc _cBV |
||